| 000 | 00417 a2200157 4500 | ||
|---|---|---|---|
| 082 | _a621.3813 LIA | ||
| 090 |
_c39721 _d39721 |
||
| 100 | _aSamuel Y.Liao | ||
| 245 |
_aMicrowave Devices and circuits, 3rd Ed _cSamuel Y. Liao |
||
| 250 | _a3rd | ||
| 260 |
_aNew Delhi _bPearson _c2009 |
||
| 300 |
_a542p. _bPhotostate |
||
| 500 | _aBE Textbook Avionics | ||
| 505 | _aAHQ Books | ||
| 942 |
_aNUST-CAE _k621.3813 LIA _cAV |
||
| 999 |
_c473446 _d473446 |
||